|
|
|
|
| LEADER |
00000nam2a2200000 4500 |
| 001 |
149395 |
| 005 |
20231101221423.0 |
| 035 |
|
|
|a (RuTPU)RU\TPU\book\161959
|
| 090 |
|
|
|a 149395
|
| 100 |
|
|
|a 20081216d1951 m y0rusy50 ca
|
| 101 |
0 |
|
|a rus
|
| 102 |
|
|
|a RU
|
| 105 |
|
|
|a a j 000zy
|
| 200 |
0 |
|
|a Ч. 1: Грунтоведение
|
| 210 |
|
|
|d 1951
|
| 215 |
|
|
|a 320 с.
|c ил.
|
| 461 |
|
1 |
|0 (RuTPU)RU\TPU\book\161064
|t Инженерная геология
|o учебник для техникумов
|o в 2 ч.
|f Н. В. Коломенский
|v Ч. 1: Грунтоведение
|d 1951-1956
|
| 606 |
1 |
|
|a Инженерная геология
|2 stltpush
|3 (RuTPU)RU\TPU\subj\12572
|9 39335
|
| 606 |
1 |
|
|a Грунтоведение
|2 stltpush
|3 (RuTPU)RU\TPU\subj\8739
|9 36083
|
| 610 |
1 |
|
|a грунты
|
| 610 |
1 |
|
|a физико-технические свойства
|
| 610 |
1 |
|
|a исследования
|
| 610 |
1 |
|
|a лабораторные методы
|
| 610 |
1 |
|
|a учебные пособия
|
| 675 |
|
|
|a 624.131.1(075.32)
|v 3
|
| 675 |
|
|
|a 624.131(075.32)
|v 3
|
| 801 |
|
1 |
|a RU
|b 63413507
|c 20081216
|g PSBO
|
| 801 |
|
2 |
|a RU
|b 63413507
|c 20160309
|g PSBO
|
| 900 |
|
|
|a Общая инженерная геология
|
| 900 |
|
|
|a Грунтоведение
|
| 942 |
|
|
|c BK
|